000 00903nam a2200229 a 4500
001 000042533
005 20201002040222.0
008 131211s1966 ag 000 0 spa d
040 _aDO-SdBNP
_bspa
_cBNPHU
100 1 _aWesker, Arnold
_969752
240 1 0 _aThe Wesker trilogy: chicken soup with barley. Roots. I´m talking about Jerusalem
245 1 0 _aTrilogía :
_bSopa de pollo con cebada. Raíces. Hablo de Jerusalem /
_cArnold Wesker; traducción, Elsa Stagnaro, Alejandra Boero, Jorge Hacker, Marcos Silber, Jaime Rest.
260 _aBuenos Aires, :
_bNueva visión,
_c1966.
300 _a206 p. ;
_c20 cm.
490 1 _aTeatro Universal
700 1 _aStagnaro, Elsa
_etrad.
_969753
700 1 _aBoero, Alejandra
_etrad.
_969754
700 1 _aHacker, Jorge
_etrad.
_969755
700 1 _aSilber, Marcos
_etrad.
_969756
700 1 _aRest, Jaime
_etrad.
_934106
830 0 _aTeatro Universal
_940300
999 _c42022
_d42022